In̲pa vāl̲vu. (Record no. 75639)

MARC details
000 -LEADER
fixed length control field 00620cam a22002411 4500
001 - CONTROL NUMBER
control field sa 67006044
003 - CONTROL NUMBER IDENTIFIER
control field DLC
005 - DATE AND TIME OF LATEST TRANSACTION
control field 20260227112403.0
008 - FIXED-LENGTH DATA ELEMENTS--GENERAL INFORMATION
fixed length control field 950222s1965 ii b 000 0 tamo
010 ## - LIBRARY OF CONGRESS CONTROL NUMBER
LC control number sa 67006044
025 ## - OVERSEAS ACQUISITION NUMBER
Overseas acquisition number PL480:I-T-1677
035 ## - SYSTEM CONTROL NUMBER
System control number (OCoLC)32036175
040 ## - CATALOGING SOURCE
Original cataloging agency DLC
Transcribing agency CU
Modifying agency CU
-- DLC
042 ## - AUTHENTICATION CODE
Authentication code premarc
050 00 - LIBRARY OF CONGRESS CALL NUMBER
Classification number PL4758.2
Item number .S9
100 0# - MAIN ENTRY--PERSONAL NAME
Personal name Cuntara Caṇmukan̲ār,
Dates associated with a name 1922-
245 10 - TITLE STATEMENT
Title In̲pa vāl̲vu.
260 ## - PUBLICATION, DISTRIBUTION, ETC.
Date of publication, distribution, etc. [1965]
300 ## - PHYSICAL DESCRIPTION
Extent 161, [1] p.
Dimensions 18 cm.
500 ## - GENERAL NOTE
General note In Tamil.
504 ## - BIBLIOGRAPHY, ETC. NOTE
Bibliography, etc. note Bibliography: p.[162]
650 #0 - SUBJECT ADDED ENTRY--TOPICAL TERM
Topical term or geographic name entry element Love poetry, Tamil
General subdivision History and criticism.

No items available.

Powered by Koha